|
|
|
|
| LEADER |
00850nam a2200229 a 4500 |
| 001 |
1010953 |
| 008 |
090712s1986enk 000 0 eng d |
| 010 |
|
|
|a 87141525
|
| 020 |
|
|
|a 0099430851
|
| 040 |
|
|
|a DLC
|c DLC
|d DLC
|
| 082 |
0 |
0 |
|a 809
|2 19
|
| 100 |
1 |
|
|a Calvino, Italo.
|
| 245 |
1 |
4 |
|a The literature machine :
|b essays /
|c Italo Calvino ; translated by Patrick Creagh.
|
| 260 |
|
|
|a London :
|b Secker and Warburg, ;
|b Vintage,
|c 1986.
|
| 300 |
|
|
|a vi, 341 p. ;
|c 20 cm.
|
| 500 |
|
|
|a Translated from the Italian.
|
| 541 |
1 |
|
|e 00013920
|
| 650 |
|
0 |
|a Literature, Modern
|y 20th century
|x History and criticism.
|
| 700 |
1 |
|
|a Ceagh, Patric.
|
| 852 |
4 |
|
|a Ayesha Abed Library
|j General shelf
|
| 999 |
|
|
|c 2283
|d 2283
|
| 952 |
|
|
|0 0
|1 0
|2 ddc
|4 0
|6 809_CAL
|7 0
|9 2107
|a BRACUL
|b BRACUL
|c GEN
|d 2009-07-12
|g 875.00
|l 6
|m 51
|o 809 CAL
|p 3010013920
|r 2025-08-09
|s 2025-05-15
|t 1
|w 2009-07-12
|y BK
|